О рациональном ассортименте органических реактивов для колориметрического определения алюминия; Советская наука и ученые Челябинской области к 50-летию Советской власти

Chi tiết về thư mục
Parent link:Советская наука и ученые Челябинской области к 50-летию Советской власти.— 1967.— С. 290-293
Tác giả chính: Малеванный В. А.
Tác giả khác: Лельчук Ю. Л.
Tóm tắt:Ротапр. изд.
Ngôn ngữ:Tiếng Nga
Được phát hành: 1967
Những chủ đề:
Định dạng: MixedMaterials Chương của sách
KOHA link:https://koha.lib.tpu.ru/cgi-bin/koha/opac-detail.pl?biblionumber=591366

MARC

LEADER 00000naa0a2200000 4500
001 591366
005 20250825161137.0
035 |a (RuTPU)RU\TPU\tpu\1571 
035 |a TPU00001571 
090 |a 591366 
100 |a 20011210d1967 k||y0rusy50 ca 
101 0 |a rus 
102 |a RU 
200 1 |a О рациональном ассортименте органических реактивов для колориметрического определения алюминия  |f В. А. Малеванный, Ю. Л. Лельчук 
300 |a Ротапр. изд. 
463 1 |t Советская наука и ученые Челябинской области к 50-летию Советской власти  |o Тезисы докладов металлургической секции Областной научно-технической конференции  |v С. 290-293  |d 1967 
610 1 |a химические науки 
610 1 |a труды учёных ТПУ 
700 1 |a Малеванный  |b В. А. 
701 1 |a Лельчук  |b Ю. Л. 
801 0 |a RU  |b 63413507  |c 20011210  |g PSBO 
801 2 |a RU  |b 63413507  |c 20060112  |g PSBO 
942 |c BK